000 00550nam a2200157Ia 4500
008 090124s9999 xx 000 0 und d
082 _b34979
245 _a समग्र समर्थ साहित्य
250 _a0
260 _b"सुमंगल प्रेस प्रा. लि.,"
_c1998
300 _a912
630 _a समग्र समर्थ साहित्य
700 _aजोशी मधुकर रामदास
730 _a समग्र समर्थ साहित्य
942 _cBOOK
999 _c101696
_d101696